000
00334nam a2200157Ia 4500
100
_a
Jawaharlal Nehru
650
_a
General
942
_c
BK
366
_f
17.5
245
_a
Letters from a father to his daughter
260
_b
Penguin Books
_c
2004
082
_a
920/JAW
_b
JAW
300
_a
154
546
_a
ENGLISH
999
_c
26534
_d
26534